|
|
|
|
| LEADER |
01142nam a22003497a 4500 |
| 001 |
34178 |
| 003 |
BD-DhAAL |
| 005 |
20190120162837.0 |
| 008 |
190120t2012 enk 000 0 eng d |
| 999 |
|
|
|c 40415
|d 40415
|
| 020 |
|
|
|a 9780571297542
|
| 035 |
|
|
|a (OCoLC)41271182
|
| 040 |
|
|
|a BD-DhAAL
|
| 042 |
|
|
|a lccopycat
|
| 043 |
|
|
|a e-uk-en
|
| 050 |
0 |
0 |
|a PR6058.A678
|b J83 1999
|
| 082 |
0 |
0 |
|a 822.914
|2 21
|
| 100 |
1 |
|
|a Hare, David,
|d 1947-
|9 29677
|
| 245 |
1 |
4 |
|a The Judas kiss /
|c David Hare.
|
| 260 |
|
|
|a London :
|b Faber,
|c 2012
|
| 300 |
|
|
|a 116 pages ;
|c 20 cm.
|
| 526 |
|
|
|a ENH
|
| 541 |
|
|
|a Book Worm
|e 34178
|
| 600 |
1 |
0 |
|a Wilde, Oscar,
|d 1854-1900
|v Drama.
|9 29678
|
| 600 |
1 |
0 |
|a Wilde, Oscar,
|d 1854-1900
|9 29679
|
| 650 |
|
0 |
|a Authors
|v Drama.
|9 29680
|
| 650 |
|
0 |
|a Gay men
|v Drama.
|9 29681
|
| 651 |
|
0 |
|a England
|v Drama.
|9 29682
|
| 655 |
|
7 |
|a Historical drama.
|2 gsafd
|9 29683
|
| 852 |
|
|
|a Ayesha Abed Library
|c General Stacks
|
| 942 |
|
|
|2 ddc
|c BK
|
| 952 |
|
|
|0 0
|1 0
|2 ddc
|4 0
|6 822_914000000000000_HAR
|7 0
|9 64965
|a BRACUL
|b BRACUL
|c GEN
|d 2019-01-20
|e Book Worm
|g 1019.15
|l 4
|m 29
|o 822.914 HAR
|p 3010034178
|r 2025-09-29
|s 2025-09-20
|t 1
|v 1199.00
|w 2019-01-20
|y BK
|